Statistiques concernant Sims 4 Compétences

Cliquez ici pour prendre le quiz!

Statistiques générales

  • Ce quiz a été pris 326 fois
  • Le résultat moyen est 11 sur 20

Statistiques - réponses

Réponse% Correct
Cuisine
97%
Charisme
77%
Peinture
69%
Bricolage
68%
Fitness
66%
Piano
66%
Jardinage
65%
Guitare
63%
Violon
63%
Logique
62%
Écriture
50%
Cuisine gastronomique
40%
Comédie
39%
Malice
38%
Jeux-vidéos
37%
Mixologie
37%
Programmation
35%
Pêche
29%
Photographie
27%
Fuséologie
25%

Distribution des résultats

Percentile par nombre de réponses

% des personnes avec chaque résultat

Votre développement - résultats

Vous n’avez pas pris ce quiz